Statistiken für Spieler, die Mensur Suljovic bei der Darts WM besiegten

Klicken Sie hier um das Quiz zu spielen!

Allgemein

  • Dieses Quiz wurde 35 mal gespielt
  • Das Durchschnittsergebnis liegt bei 8 aus 15

Antwortstatistiken

JahrRundeNationalitätSpieler% Korrekt
20213. RundeSchottlandGary Anderson
97%
20233. RundeNiederlandeMichael van Gerwen
97%
2018AchtelfinaleBelgienDimitri van den Bergh
81%
20082. RundeKanadaJohn Part
77%
2016AchtelfinaleEnglandAdrian Lewis
68%
20222. RundeSchottlandAlan Soutar
55%
20141. RundeWalesMark Webster
48%
20172. RundeWalesMark Webster
48%
20151. RundeEnglandMichael Smith
48%
20121. RundeAustralienPaul Nicholson
42%
20202. RundeEnglandFallon Sherrock
32%
20101. RundeEnglandKevin Painter
29%
20192. RundeEnglandRyan Searle
23%
2011AchtelfinaleEnglandWes Newton
10%
20092. RundeEnglandMark Dudbridge
3%

Verteilung der Resultate

Perzentil nach korrekt beantworteten Fragen

Anzahl Personen mit jedem Resultat

Ihre Resultats-Entwicklung

Sie haben dieses Quiz noch nicht gespielt